Difícil dinámica socio laboral al inicio del año (segunda parte)

Enregistré dans:
Détails bibliographiques
Format: Texte
Sujets:
Tags: Ajouter un tag
Pas de tags, Soyez le premier à ajouter un tag!

MARC

LEADER 00000 a a2200000 04500
001 5918
003
040
245 |a Difícil dinámica socio laboral al inicio del año (segunda parte)  
650 |a MOVIMIENTOS SOCIALES  
650 |a PRIVATIZACION  
650 |a MOVIMIENTO OBRERO  
650 |a DESEMPLEADOS  
773 |g volumen 15, número 647; páginas 11-13  
999 |c 20715  |d 20715